Word Ladder: Say Cheese! Quiz Stats

 Plays Quiz Updated Jul 8, 2019

Score 0/9 Timer 01:00
10 Plays Today
Hint Five Letter Word % Correct
Calling devicePHONE
98.2%
• With Rung 9, what a camera takes •• PHOTO •
90.8%
Lying flatPRONE
85.2%
Record player or turntablePHONO
85%
A fruit in a bunchGRAPE
81.3%
Small group of treesGROVE
75.7%
Demonstrate truthPROVE
74.9%
Solemn, seriousGRAVE
74.1%
• With Rung 1, what a camera takes •• GRAPH •
69.7%

Today's Daily Dose

Missing Word
Banned Books (A-Z)

Word Ladder
Janis Joplin

Get the Picture
Occupations

You're not logged in!

Compare scores with friends on all Sporcle quizzes.
OR
Log In

Sporcle TV

Today on Sporcle TV


Watch our educational content, quiz creation guides, and fun videos on Sporcle TV.

Show Comments

Extras

Top Quizzes Today


Score Distribution

Your Account Isn't Verified!

In order to create a playlist on Sporcle, you need to verify the email address you used during registration. Go to your Sporcle Settings to finish the process.

Report this User

Report this user for behavior that violates our Community Guidelines.

Details: